| 000 | 00553nam a2200181 i 4500 | ||
|---|---|---|---|
| 001 | 117743 | ||
| 003 | ES-MaACL | ||
| 005 | 20230906190949.0 | ||
| 007 | t| | ||
| 008 | 070214s1946 sp f |||| | spa d | ||
| 080 | _a332.33(460.27 M.)(09) | ||
| 100 | 1 |
_aPereda, Vicente de. _990453 |
|
| 245 | 1 | 0 |
_aLibro de la Caja de Ahorros y Monte de Piedad de Madrid / _cVicente de Pereda. |
| 260 |
_aBilbao : _bTall. de la Ed. Eléxfuru Hermanos, _c1946. |
||
| 300 |
_a361 p., 12 lám. ; _c22 cm. |
||
| 610 | 0 | 0 |
_aCaja Madrid. _92336 |
| 852 |
_aES-MaACL _jE-1969 |
||
| 999 |
_c117743 _d117743 |
||